|
|
|
|
| LEADER |
01961njm a2200553 a 4500 |
| 001 |
000379992 |
| 003 |
CZ BrMZK |
| 005 |
20020329125722.0 |
| 008 |
920109s1990 xr f eng d |
| 028 |
0 |
3 |
|a 1-0004
|b Vixen
|
| 040 |
|
|
|a BOA001
|b cze
|
| 080 |
|
|
|a 786.6(086.7)
|2 MRF
|
| 245 |
0 |
0 |
|a Complete organ works
|h [zvukový záznam] /
|c [Zach, Kuchař, Kopřiva].
|
| 246 |
3 |
3 |
|a Fugue in F minor
|
| 246 |
3 |
3 |
|a Largo in G minor
|
| 246 |
3 |
3 |
|a Pastoral in C major
|
| 246 |
3 |
3 |
|a Pastoral in G major
|
| 246 |
3 |
3 |
|a Pastorella in D major
|
| 246 |
3 |
3 |
|a Prelude in A flat major
|
| 246 |
3 |
3 |
|a Prelude in C major
|
| 246 |
3 |
3 |
|a Prelude in C minor
|
| 246 |
3 |
3 |
|a Adagio in A flat major
|
| 246 |
3 |
3 |
|a Andante in A minor
|
| 246 |
3 |
3 |
|a Fantasia in D minor
|
| 246 |
3 |
3 |
|a Fantasia in E minor
|
| 246 |
3 |
3 |
|a Fuga supra cognomen Debefe (in D minor)
|
| 246 |
3 |
3 |
|a Fuga-pastorella in C major
|
| 246 |
3 |
3 |
|a Fughetta "after Handel" (in G major)
|
| 246 |
3 |
3 |
|a Fugue in A flat major
|
| 246 |
3 |
3 |
|a Fugue in A minor
|
| 246 |
3 |
3 |
|a Fugue in C minor
|
| 246 |
3 |
3 |
|a Fugue in D major
|
| 260 |
|
|
|a Praha :
|b Vixen,
|c p1998
|
| 300 |
|
|
|a 1 CD :
|b stereo, DDD ;
|c 12 cm +
|e 1 brožura (15 s.).
|
| 306 |
|
|
|a 011154
|
| 500 |
|
|
|a Text v brožuře vícejaz.
|
| 500 |
|
|
|a Nahr. 1997
|
| 500 |
|
|
|a Durata 71:54
|
| 505 |
2 |
|
|a Prelude in C minor, Fugue in C minor, Prelude in A flat major...[et al.]
|
| 511 |
0 |
|
|a Jan Hora, varhany
|
| 653 |
0 |
|
|a barokní hudba
|a varhanní fantazie
|a varhanní fugy
|a varhanní preludia
|a varhany
|
| 700 |
1 |
|
|a Zach, Jan,
|d 1713-1773
|7 jn20020903029
|4 cmp
|
| 700 |
1 |
|
|a Hora, Jan,
|d 1936-
|7 jn19990009843
|4 prf
|
| 700 |
1 |
|
|a Kopřiva, Karel Blažej,
|d 1756-1785
|7 jn20000620173
|4 cmp
|
| 700 |
1 |
|
|a Kuchař, Jan Křtitel,
|d 1751-1829
|7 jn19990209448
|4 cmp
|
| 910 |
|
|
|a BOA001
|b CD-0006.591
|
| 964 |
|
|
|a Varhany
|z stol.18.
|x CD
|
| 990 |
|
|
|a AV
|
| 996 |
6 |
|
|b 261H006999
|c CD-0006.591
|l MZK
|r Sklad / do 24 hodin
|n 0
|p p.v.
|w 000379992
|u 000010
|a 1
|e BOA001
|j MZK50
|s P
|